000
00215nam a2200097Ia 4500
008
190216s9999||||xx |||||||||||||| ||und||
100
_a
Nigham S P
245
2
_a
A Text Book Of Dynamics
260
_b
Null
942
_c
BK
999
_c
32782
_d
32782